[Event "ZN-2012-0-02076"]
[Site "LSS email"]
[Date "2012.10.17"]
[Round "?"]
[White "Sandocal, Uzmir"]
[Black "Malone, Dennis"]
[Result "1-0"]
[WhiteElo "1124"]
[BlackElo "851"]
[PlyCount "59"]
[EventDate "2012.10.12"]
[EventType "match (corr)"]
[EventRounds "2"]
[EventCountry "GER"]
[SourceTitle "Telechess CBM 165"]
[Source "ChessBase"]
[SourceDate "2015.03.11"]
[SourceVersion "1"]
[SourceVersionDate "2015.03.11"]
[SourceQuality "1"]

1. b4 d5 2. Bb2 Nf6 3. e3 a6 4. Nf3 e6 5. a3 Nc6 6. c4 Bd6 7. d4 0-0 8. c5 Be7 9. Nc3 b6 10. Qc2 Bb7 11. Bd3 g6 12. 0-0 Nh5 13. Rac1 Bg5 14. cxb6 cxb6 15. Nxg5 Qxg5 16. f4 Qf6 17. g4 Ng7 18. Qg2 Qh4 19. Rf3 Qe7 20. f5 exf5 21. gxf5 gxf5 22. Nxd5 Qd6 23. Rg3 Qh6 24. Qh3 Qxh3 25. Nf6+ Kh8 26. Rxh3 h5 27. d5 Ne7 28. Nxh5 Kh7 29. Nf6+ Kg6 30. Kf2 1-0

[Event "ZN-2012-0-02033"]
[Site "LSS email"]
[Date "2012.08.23"]
[Round "?"]
[White "Gomez, Pedro"]
[Black "Malone, Dennis"]
[Result "1-0"]
[WhiteElo "689"]
[BlackElo "854"]
[PlyCount "31"]
[EventDate "2012.08.16"]
[EventType "match (corr)"]
[EventRounds "2"]
[EventCountry "GER"]
[SourceTitle "Corr 2015"]
[Source "ChessBase"]
[SourceDate "2015.07.17"]
[SourceVersion "1"]
[SourceVersionDate "2015.07.17"]
[SourceQuality "1"]

1. e4 e5 2. Nf3 Nc6 3. Bc4 Nf6 4. Ng5 d5 5. exd5 Nxd5 6. Nxf7 Kxf7 7. Qf3+ Ke6 8. Nc3 Nce7 9. 0-0 b6 10. Re1 g6 11. d4 Bg7 12. Nxd5 Nxd5 13. Bf4 Qd6 14. Bxe5 Bxe5 15. Rxe5+ Qxe5 16. dxe5 1-0

[Event "ZN-2011-0-01460"]
[Site "LSS email"]
[Date "2011.04.21"]
[Round "?"]
[White "Malone, Dennis"]
[Black "Lauer, Fredric"]
[Result "1-0"]
[WhiteElo "821"]
[BlackElo "918"]
[PlyCount "42"]
[EventDate "2011.04.16"]
[EventType "match (corr)"]
[EventRounds "2"]
[EventCountry "GER"]
[SourceTitle "Telechess CBM 145"]
[Source "Chessbase"]
[SourceDate "2011.11.11"]
[SourceVersion "1"]
[SourceVersionDate "2011.11.11"]
[SourceQuality "1"]

1. e4 c5 2. Nf3 d6 3. d4 cxd4 4. Nxd4 Nf6 5. Nc3 g6 6. Bc4 Bg7 7. Be3 0-0 8. 0-0 Nc6 9. Nf3 Bg4 10. h3 Bxf3 11. Qxf3 Ne5 12. Qe2 Nxc4 13. Qxc4 Rc8 14. Qb3 b6 15. Rad1 Qc7 16. Rd2 Qc4 17. Rd4 Qxb3 18. cxb3 Nd7 19. Rc4 Ne5 20. Rxc8 Rxc8 21. Nd5 e6 1-0

[Event "IECG CP.2003.P.00055 email"]
[Site "IECG email"]
[Date "2003.10.01"]
[Round "?"]
[White "Loskarn, Peter"]
[Black "Malone, Dennis"]
[Result "1-0"]
[WhiteElo "2058"]
[BlackElo "800"]
[PlyCount "45"]
[EventDate "2003.10.01"]
[EventType "tourn (corr)"]
[EventRounds "6"]
[EventCountry "LTU"]
[SourceTitle "Corr 2008"]
[Source "ChessBase"]
[SourceDate "2008.06.24"]
[SourceVersion "1"]
[SourceVersionDate "2008.06.24"]
[SourceQuality "1"]

1. e4 e5 2. f4 Nc6 3. Nf3 d5 4. exd5 Qxd5 5. Nc3 Qe6 6. Bb5 exf4+ 7. Ne2 Bd7 8. d4 g5 9. d5 Qf6 10. dxc6 bxc6 11. Bc4 c5 12. 0-0 Bd6 13. Qd5 Rb8 14. Nxg5 Nh6 15. Bxf4 Rg8 16. Ne4 Qg6 17. Nxd6+ cxd6 18. Bxh6 f5 19. Nf4 Qg4 20. Qxd6 Rb6 21. Rfe1+ Kd8 22. Ne6+ Kc8 23. Qc7# 1-0

[Event "IECG CP.2003.P.00055 email"]
[Site "IECG email"]
[Date "2003.10.01"]
[Round "?"]
[White "Malone, Dennis"]
[Black "Heesen, Jos HW"]
[Result "0-1"]
[WhiteElo "800"]
[BlackElo "1907"]
[PlyCount "68"]
[EventDate "2003.10.01"]
[EventType "tourn (corr)"]
[EventRounds "6"]
[EventCountry "LTU"]
[SourceTitle "Corr 2008"]
[Source "ChessBase"]
[SourceDate "2008.06.24"]
[SourceVersion "1"]
[SourceVersionDate "2008.06.24"]
[SourceQuality "1"]

1. e4 e6 2. Nf3 d5 3. Nc3 d4 4. Ne2 c5 5. d3 Nf6 6. c3 Nc6 7. Bf4 Qb6 8. Qc2 Nh5 9. a3 Nxf4 10. Nxf4 Bd6 11. g3 0-0 12. Nd2 Qc7 13. Nh5 e5 14. h3 Be6 15. Be2 Qe7 16. g4 dxc3 17. bxc3 c4 18. dxc4 Bxa3 19. Nf3 Bc5 20. Qc1 Rfd8 21. Ng5 Bd7 22. h4 h6 23. Nf3 Bxg4 24. Rg1 Bxh5 25. Qxh6 Bg6 26. h5 gxh6 27. hxg6 fxg6 28. Rxg6+ Kh7 29. Rg3 Rg8 30. Rh3 Rg2 31. Bf1 Rxf2 32. Be2 Rd8 33. Nh4 Qg5 34. Nf3 Rxe2+ 0-1

[Event "IECG CP.2003.P.00055 email"]
[Site "IECG email"]
[Date "2003.10.01"]
[Round "?"]
[White "Malone, Dennis"]
[Black "Kriksciunas, Bronislavas"]
[Result "0-1"]
[WhiteElo "800"]
[BlackElo "1566"]
[PlyCount "64"]
[EventDate "2003.10.01"]
[EventType "tourn (corr)"]
[EventRounds "6"]
[EventCountry "LTU"]
[SourceTitle "Corr 2008"]
[Source "ChessBase"]
[SourceDate "2008.06.24"]
[SourceVersion "1"]
[SourceVersionDate "2008.06.24"]
[SourceQuality "1"]

1. e4 e5 2. Nf3 Nc6 3. Bc4 Nf6 4. Nc3 Nxe4 5. d3 Nxc3 6. bxc3 d5 7. Bb3 a5 8. a4 Be7 9. 0-0 0-0 10. Re1 Bg4 11. h3 Be6 12. Nxe5 Nxe5 13. Rxe5 Bf6 14. Re3 Bxc3 15. Rb1 c5 16. Bb2 Bxb2 17. Rxb2 b5 18. c3 b4 19. cxb4 axb4 20. Bc2 Qd6 21. Rg3 d4 22. Qh5 h6 23. Rb1 Rfe8 24. Rf1 b3 25. Bb1 Rxa4 26. f4 Bd5 27. Qg4 Qf6 28. f5 Ra1 29. Qf4 Re2 30. Qb8+ Kh7 31. Qc7 Rb2 32. Qf4 Rbxb1 0-1